Nói về miền Nam; cá tính miền Nam; thuần phong mỹ tục Việt Nam : Biên khảo
Giới thiệu vùng đất và con người Nam Bộ với những đặc tính dân tộc, các sinh hoạt lễ đám hội hè, các thủ tục của quan, hôn, tang, tế với những dẫn chứng thú vị về nguồn gốc hình thành và phát triển...
Gespeichert in:
| 1. Verfasser: | |
|---|---|
| Format: | Buch |
| Sprache: | Undetermined |
| Veröffentlicht: |
Thành phố Hồ Chí Minh
Trẻ
2005
|
| Schlagworte: | |
| Tags: |
Tag hinzufügen
Keine Tags, Fügen Sie den ersten Tag hinzu!
|
| Thư viện lưu trữ: | Trung tâm Học liệu Trường Đại học Cần Thơ |
|---|
| LEADER | 00936nam a2200217Ia 4500 | ||
|---|---|---|---|
| 001 | CTU_101378 | ||
| 008 | 210402s9999 xx 000 0 und d | ||
| 020 | |c 62000 | ||
| 082 | |a 398.209597 | ||
| 082 | |b S464 | ||
| 100 | |a Sơn Nam | ||
| 245 | 0 | |a Nói về miền Nam; cá tính miền Nam; thuần phong mỹ tục Việt Nam : | |
| 245 | 0 | |b Biên khảo | |
| 245 | 0 | |c Sơn Nam | |
| 260 | |a Thành phố Hồ Chí Minh | ||
| 260 | |b Trẻ | ||
| 260 | |c 2005 | ||
| 520 | |a Giới thiệu vùng đất và con người Nam Bộ với những đặc tính dân tộc, các sinh hoạt lễ đám hội hè, các thủ tục của quan, hôn, tang, tế với những dẫn chứng thú vị về nguồn gốc hình thành và phát triển | ||
| 650 | |a Folklore, vietnamese | ||
| 904 | |i Minh | ||
| 980 | |a Trung tâm Học liệu Trường Đại học Cần Thơ | ||